000 00854cab a2200289 4500
001 ABS59303
008 090401t1998 xxu||||| |||| 00| 0 eng d
035 _a(Sirsi) u88715
041 _aeng
100 _aWhite, I.
245 2 _aA place in the country
260 _c1998
350 _a0
490 _aThe Valuer
_v67(5) September/October 1998, 23(1)
520 _aOutlines reasons for relocating from towns and cities to the countryside and looks at the problems rural homeowners may face. For example, damp, water penetration and wall-tie erosion.
650 _aDAMP
650 _aHOUSE PRICES
650 _aINFESTATION
650 _aLONGHORN BEETLE
650 _aRELOCATION
650 _aRURAL PROPERTY
650 _aWALL-TIE EROSION
650 _aWATER PENETRATION
690 _aHOUSING
942 _n0
948 _c29/09/1998
999 _c56080
_d56080